Loading...
| Mythology | 0 | 4 | 0 | 0 | 40 | 54 | 69.25 | 0 | 2 | 18.50 | 27.12 |
| Science - Chemistry | 0 | 4 | 1 | 0 | 35 | 35 | 68.00 | 1 | 3 | 17.14 | 28.26 |
| Science - Biology | 0 | 3 | 1 | 0 | 25 | 43 | 68.33 | 1 | 2 | 13.13 | 21.67 |
| Fine Arts - Classical Music | 0 | 2 | 0 | 0 | 20 | 95 | 101.00 | 0 | 0 | 3.68 | 9.17 |
| Fine Arts - Other | 0 | 2 | 0 | 0 | 20 | 93 | 105.50 | 0 | 1 | 4.65 | 12.73 |
| Science - Other | 0 | 2 | 0 | 1 | 20 | 91 | 107.50 | 0 | 0 | 2.48 | 6.67 |
| Social Science | 0 | 2 | 0 | 1 | 20 | 36 | 78.50 | 1 | 1 | 6.81 | 11.67 |
| Literature - American | 0 | 1 | 0 | 0 | 10 | 58 | 58.00 | 1 | 1 | 5.97 | 10.00 |
| History - American | 0 | 1 | 0 | 1 | 10 | 82 | 82.00 | 0 | 0 | 3.74 | 3.64 |
| Fine Arts - Painting and Sculpture | 0 | 1 | 0 | 0 | 10 | 104 | 104.00 | 0 | 1 | 1.48 | 8.33 |
| Literature - British | 0 | 1 | 0 | 0 | 10 | 82 | 82.00 | 0 | 0 | 4.27 | 7.50 |
| Literature - World | 0 | 1 | 0 | 0 | 10 | 78 | 78.00 | 0 | 0 | 3.91 | 5.00 |
| Science - Physics | 0 | 1 | 1 | 0 | 5 | 109 | 109.00 | 0 | 0 | 1.14 | 3.33 |